249 countries of the world - Statistics

General Stats
  • This quiz has been taken 42 times
  • The average score is 151 of 249
Answers on the Map
Answers color-coded by a green-red scale on the quiz's map according to % correct below.
 
Answer Stats
Hint Hint Country % Correct
234.0 373.0 Argentina
81%
266 294 Brazil
81%
143 66 Canada
81%
218 384 Chile
81%
216.3 247.5 Colombia
81%
204.0 265.5 Ecuador
81%
French Guiana
81%
151.0 182.0 Mexico
81%
153 129 United States
81%
683.0 342.0 Australia
76%
209.0 180.9 Bahamas
76%
236.0 319.0 Bolivia
76%
206.0 190.2 Cuba
76%
401.5 73.5 Denmark
76%
221 197 Dominican Republic
76%
248 242 Guyana
76%
218 196 Haiti
76%
198 232.5 Panama
76%
248.9 339.7 Paraguay
76%
208 292 Peru
76%
372 127.5 Spain
76%
254.9 370.2 Uruguay
76%
232 235 Venezuela
76%
528.0 149.2 Afghanistan
71%
384.2 167.2 Algeria
71%
420.0 301.2 Angola
71%
480.5 125.0 Armenia
71%
414.2 100.9 Austria
71%
246.5 217.0 Barbados
71%
443.4 81.2 Belarus
71%
391.0 91.0 Belgium
71%
180.9 203.6 Belize
71%
385.7 225.0 Benin
71%
584.1 169.4 Bhutan
71%
638.6 246.1 Brunei
71%
616.0 219.1 Cambodia
71%
407.0 247.0 Cameroon
71%
422.6 209.4 Chad
71%
615.0 140.9 China
71%
192.0 228.0 Costa Rica
71%
418.0 108.0 Croatia
71%
455.3 143.7 Cyprus
71%
414.0 93.8 Czech Republic
71%
433.0 267.2 Democratic Republic of the Congo
71%
242.4 209.5 Dominica
71%
447.0 171.3 Egypt
71%
439.0 64.8 Estonia
71%
470.0 234.2 Ethiopia
71%
717.7 235.2 Federated States of Micronesia
71%
437 52 Finland
71%
386 105 France
71%
430 129 Greece
71%
177.4 210.0 Guatemala
71%
353.3 224.2 Guinea
71%
184.5 210.7 Honduras
71%
341 43 Iceland
71%
556 185.9 India
71%
501.3 152.5 Iran
71%
478.8 149.9 Iraq
71%
363.0 82.5 Ireland
71%
459.0 157.0 Israel
71%
206 200.2 Jamaica
71%
693.3 140.0 Japan
71%
462.3 158.9 Jordan
71%
533.0 100.0 Kazakhstan
71%
465.8 259.9 Kenya
71%
487.0 162.9 Kuwait
71%
610.3 194.9 Laos
71%
461.7 146.8 Lebanon
71%
486.0 324.3 Madagascar
71%
614.2 104.1 Mongolia
71%
366.0 153.5 Morocco
71%
467 309.5 Mozambique
71%
597.0 188.5 Myanmar
71%
569.8 166.5 Nepal
71%
393 86.9 Netherlands
71%
776.7 391.9 New Zealand
71%
403.3 203.9 Niger
71%
398.0 230.8 Nigeria
71%
665.7 127 North Korea
71%
429.5 121.7 North Macedonia
71%
401.7 57 Norway
71%
509.33 187.2 Oman
71%
535.7 164.2 Pakistan
71%
703.7 282.4 Papua New Guinea
71%
657 220.6 Philippines
71%
361.7 127.6 Portugal
71%
495.7 176.2 Qatar
71%
416.9 260.5 Republic of the Congo
71%
577 52 Russia
71%
447.8 267.7 Rwanda
71%
482.1 179.9 Saudi Arabia
71%
614.2 256.7 Singapore
71%
488 230 Somalia
71%
431 365 South Africa
71%
669 139 South Korea
71%
562 235.3 Sri Lanka
71%
254.4 248.1 Suriname
71%
414.3 60.5 Sweden
71%
467.0 143.0 Syria
71%
608.0 207.9 Thailand
71%
460.3 130.6 Turkey
71%
513.0 130.6 Turkmenistan
71%
450.6 96.0 Ukraine
71%
502.0 182.5 United Arab Emirates
71%
377 86 United Kingdom
71%
525 122.5 Uzbekistan
71%
488.3 208.2 Yemen
71%
425.5 124.0 Albania
67%
American Samoa
67%
384.0 118.7 Andorra
67%
241.4 204.0 Antigua and Barbuda
67%
487.6 125.0 Azerbaijan
67%
583.0 181.8 Bangladesh
67%
421.0 113.0 Bosnia and Herzegovina
67%
435.0 336.1 Botswana
67%
377.0 219.0 Burkina Faso
67%
479.4 301.4 Comoros
67%
427.6 239.0 Central African Republic
67%
476.4 221.6 Djibouti
67%
664.3 290.8 East Timor
67%
180.4 215.0 El Salvador
67%
404.0 255.8 Equatorial Guinea
67%
466.3 209.2 Eritrea
67%
451.3 350.1 Eswatini
67%
782.9 320.1 Fiji
67%
406.5 264 Gabon
67%
479 120 Georgia
67%
404.0 89.9 Germany
67%
347.7 220.3 Guinea-Bissau
67%
424.4 103.1 Hungary
67%
635.5 264 Indonesia
67%
416.4 124.2 Italy
67%
21.0 272.0 Kiribati
67%
548.0 122.0 Kyrgyzstan
67%
438.0 70.6 Latvia
67%
444.0 360.5 Lesotho
67%
419.3 172.9 Libya
67%
434.3 76.3 Lithuania
67%
456.0 307.0 Malawi
67%
610.3 247.2 Malaysia
67%
545.9 248.9 Maldives
67%
377 202.2 Mali
67%
412.9 141.1 Malta
67%
760.6 232.2 Marshall Islands
67%
354 195.5 Mauritania
67%
510.1 329.1 Mauritius
67%
444.4 102.0 Moldova
67%
423.7 117.8 Montenegro
67%
418 328 Namibia
67%
188.2 218.1 Nicaragua
67%
423.6 87.1 Poland
67%
436.7 107.1 Romania
67%
239.4 203.4 Saint Kitts and Nevis
67%
243.2 214.6 Saint Lucia
67%
242.7 216.8 Saint Vincent and the Grenadines
67%
802.8 307.7 Samoa
67%
427.6 113.0 Serbia
67%
354.0 232.9 Sierra Leone
67%
423.0 98.0 Slovakia
67%
413.0 106.5 Slovenia
67%
742.1 295.0 Solomon Islands
67%
449.6 239.5 South Sudan
67%
448.5 209.5 Sudan
67%
398.4 103.5 Switzerland
67%
652.9 182.1 Taiwan
67%
545.2 133.5 Tajikistan
67%
383.0 232.4 Togo
67%
798.1 328.7 Tonga
67%
242.5 226.6 Trinidad and Tobago
67%
401 148 Tunisia
67%
408.5 120.7 Vatican City
67%
624.3 219.9 Vietnam
67%
438 310 Zambia
67%
447.0 325.0 Zimbabwe
67%
494.3 174.0 Bahrain
62%
437.8 117.9 Bulgaria
62%
447.8 272.6 Burundi
62%
326.7 206.9 Cape Verde
62%
395.5 260.6 São Tomé and Príncipe
62%
378.2 234.5 Ghana
62%
241.6 220.6 Grenada
62%
368.0 235.9 Ivory Coast
62%
427.5 118.5 Kosovo
62%
359.2 239.6 Liberia
62%
397.2 114.5 Monaco
62%
680.5 241.3 Palau
62%
408.5 113.9 San Marino
62%
347 212 Senegal
62%
459.1 282.5 Tanzania
62%
785 295.3 Tuvalu
62%
453.1 256.6 Uganda
62%
759 318.6 Vanuatu
62%
344 216 Gambia
57%
Greenland
57%
402.0 103.1 Liechtenstein
57%
755 264 Nauru
57%
506.5 276 Seychelles
57%
Bermuda
52%
394.3 94.2 Luxembourg
52%
Palestine
52%
Faroe Islands
43%
Puerto Rico
38%
Abkhazia
33%
Aruba
33%
Christmas Island
33%
Cook Islands
33%
Falkland Islands
33%
Gibraltar
33%
Guernsey
33%
Jersey
33%
Macau
33%
Anguilla
29%
Curacao
29%
French Polynesia
29%
Guadeloupe
29%
Guam
29%
Hong Kong
29%
Martinique
29%
New Caledonia
29%
Saint Helena,
Ascension, and
Tristan da Cunha
29%
Saint Pierre and Miquelon
29%
South Ossetia
29%
Svalbard
29%
Isle of Man
24%
Northern Cyprus
24%
Saint Barthelemy
24%
Saint Martin
24%
Somaliland
24%
U.S. Virgin Islands
24%
Western Sahara
24%
Cayman Islands
19%
Mayotte
19%
Montserrat
19%
Niue
19%
Reunion
19%
Sint Maarten
19%
Virgin Islands
19%
Catalonia
14%
Cocos Islands
14%
Kurdistan
14%
Norfolk Island
14%
Northern MarianaIslands
14%
Pitcairn Islands
14%
Tokelau
14%
Turks and Caicos Islands
14%
Wallis and Futuna
14%
Caribbean Netherlands
10%
Transistria
5%
No matching quizzes found
Score Distribution
Percent of People with Each Score
Percentile by Number Answered
Your Score History
You have not taken this quiz